Central Library OPAC University of Rajshahi

Public Administration in Bangladesh : (Record no. 83277)

MARC details
000 -LEADER
fixed length control field 00952nam a2200241 a 4500
001 - CONTROL NUMBER
RUCL Control Number 83277
003 - CONTROL NUMBER IDENTIFIER
rucl marc code BD-RjUL
005 - DATE AND TIME OF LATEST TRANSACTION
control field 20240310103851.0
008 - FIXED-LENGTH DATA ELEMENTS--GENERAL INFORMATION
fixed length control field 240310s2005 bg a|||| m||| 00| 0 eng d
035 ## - SYSTEM CONTROL NUMBER
system control number (BD-RjUL)83277
040 ## - CATALOGING SOURCE
Original cataloging agency BD-RjUL
Language of cataloging eng
Transcribing agency BD-RjUL
Modifying agency BD-RjUL
041 ## - LANGUAGE CODE
Language code of Book eng
082 ## - DEWEY DECIMAL CLASSIFICATION NUMBER
DDC Edition number 23
Classification number 350.095492
Author mark and Year AHP 2005
100 ## - MAIN ENTRY--PERSONAL NAME
Personal name Ahmed, Kafil Uddin
9 (RLIN) 12160
245 10 - TITLE STATEMENT
Title Public Administration in Bangladesh :
Remainder of title A Study of its Functioning, Problems and Prospects /
Statement of responsibility, etc By Kafil Uddin Ahmed ;
Name of Supervisor/Co-Supervisor Supervisor : M. Shamsur Rahman
260 ## - PUBLICATION, DISTRIBUTION, ETC. (IMPRINT)
Place of publication, distribution, etc Rajshahi :
Name of publisher, distributor, etc Department of Public Administration, University of Rajshahi,
Date of publication, distribution, etc 2005
300 ## - PHYSICAL DESCRIPTION
Pagination xiv, 309 Leaves :
Other physical details ill, ;
Dimensions 29 cm.
502 ## - DISSERTATION NOTE
Dissertation note Thesis (Ph. D.) -- Department of Public Administration, University of Rajshahi, 2005
504 ## - BIBLIOGRAPHY, ETC. NOTE
Bibliography, etc Bibliography : Leaves [294]-309
650 ## - SUBJECT ADDED ENTRY--TOPICAL TERM
Topical term or geographic name as entry element Public Administration
Geographic subdivision Bangladesh
9 (RLIN) 11548
700 ## - ADDED ENTRY--SUPERVISOR/CO-SUPERVISOR NAME
Personal name Rahman, M. Shamsur, Supervisor
9 (RLIN) 1579
942 ## - ADDED ENTRY ELEMENTS (KOHA)
Source of classification or shelving scheme Dewey Decimal Classification
Koha item type Theses
Holdings
Source of classification or shelving scheme Damaged status Not for loan Collection code Permanent Location Current Location Shelving location Date of accession Source of acquisition Total Checkouts Full call number Barcode Date last seen Copy number Thesis
Dewey Decimal Classification   Not For Loan Theses Central Library, University of Rajshahi Central Library, University of Rajshahi Documentation Section 08/10/2005 Controller of Exam. R. U.   THE 350.095492 AHP 2005 D2447 10/03/2024 C-I Theses